000 00882nam a2200217Ia 4500
001 10343
003 GE_BSU
008 181216s||||||||xx |||||||||||||| ||und||
040 _cGE_BSU
080 _a821.353.1–32
100 _aურჯუმელაშვილი, ვანო
245 _aმოთხრობები.
245 _cსარედ.კოლ.გივი გოგიჩაიშვილი.თინა დონჟაშვილი და სხვ.რედ.მ.ქოიავა.მხატვ.ე.ბურჯანაძე
260 _aთბილისი
260 _bმერანი
260 _c1976
300 _a75გვ .1ფ.პორტრ.19სმ.
653 _aმოთხრობები
653 _aქართველი მწერლები დიდ სამამულო ომში
942 _cBK
999 _c43608
_d43608